Islam Main qiam e aman aur haal tanazaat/ (Record no. 525725)
[ view plain ]
| 000 -LEADER | |
|---|---|
| fixed length control field | 00555nam a22001817a 4500 |
| 003 - CONTROL NUMBER IDENTIFIER | |
| control field | NUST |
| 005 - DATE AND TIME OF LATEST TRANSACTION | |
| control field | 20190704060206.0 |
| 038 ## - RECORD CONTENT LICENSOR | |
| Staff Name | Faiza |
| 082 ## - DEWEY DECIMAL CLASSIFICATION NUMBER | |
| Classification number | 297 |
| Author Mark | NAJ |
| 100 ## - MAIN ENTRY--PERSONAL NAME | |
| Personal name | Najam Ul Haq |
| 9 (RLIN) | 16664 |
| 245 ## - TITLE STATEMENT | |
| Title | Islam Main qiam e aman aur haal tanazaat/ |
| Statement of responsibility, etc. | Najam Ul Haq |
| 260 ## - PUBLICATION, DISTRIBUTION, ETC. | |
| Place of publication, distribution, etc. | Islamabad: |
| Name of publisher, distributor, etc. | Pakistan Markaz baray mataliat Aman, |
| Date of publication, distribution, etc. | 2009. |
| 300 ## - PHYSICAL DESCRIPTION | |
| Extent | 189p. ; |
| 500 ## - GENERAL NOTE | |
| General note | Paper Cover |
| 880 ## - ALTERNATE GRAPHIC REPRESENTATION | |
| Linkage | 100-01\r |
| Title | مولانا نجم الحق |
| 880 ## - ALTERNATE GRAPHIC REPRESENTATION | |
| Linkage | 245-02\r |
| Title | /اِسلام میں قیامِ امن اور حل تنازعات |
| 942 ## - ADDED ENTRY ELEMENTS (KOHA) | |
| Source of classification or shelving scheme | |
| Koha item type | Book |
| Withdrawn status | Lost status | Source of classification or shelving scheme | Damaged status | Not for loan | Permanent Location | Current Location | Date acquired | Total Checkouts | Full call number | Barcode | Date last seen | Price effective from | Koha item type |
|---|---|---|---|---|---|---|---|---|---|---|---|---|---|
| Central Library (CL) | Central Library (CL) | 07/04/2019 | 297 NAJ | CL-E-77 | 07/04/2019 | 07/04/2019 | Book |
